00766nam a22001577a 4500003000400000005001700004008004100021100001800062245010400080260005600184300001900240504003000259505025400289650002400543700004100567OSt20180615091622.0180220b xxu||||| |||| 00| 0 spa d aMyint, H. L. 10aTeorías de la economía del bienestar /cH. L. Myint; traducción de Enrique Fuentes Quintana.  aMadrid :bInstituto de Estudios Políticos,c1962. a413 p.c23 cm. aBibliografía: p 399-402 aContenido: Introducción -- El análisis del bienestar económico desde una perspectiva física -- El análisis del bienestar económico desde una perspectiva subjetiva -- El análisis del bienestar económico desde una perspectiva ética . 0aECONOMIA Y FINANZAS aFuentes Quintana, Enriqueetraductor